[Event "Istanbul Open 2019"]
[Site "Istanbul"]
[Date "2019.08.27"]
[Round "2.19"]
[White "Mirza, Efe"]
[Black "Can, Ilhan"]
[Result "0-1"]
[WhiteElo "1447"]
[BlackElo "1683"]
[Annotator "NA"]
[PlyCount "102"]
[EventDate "2019.08.26"]
[EventType "swiss"]
[EventCountry "TUR"]
[SourceTitle "playchess.com"]
[Source "ChessBase"]
[SourceQuality "1"]
[TimeControl "5400+30"]

1. e4 {[%emt 0:00:30]} c5 {[%emt 0:00:30]} 2. Nf3 {[%emt 0:00:00]} e6 {[%emt 0:00:00]} 3. d4 {[%emt 0:00:00]} cxd4 {[%emt 0:00:00]} 4. Nxd4 {[%emt 0:00:30]} Qb6 {[%emt 0:00:00]} 5. Nb3 {[%emt 0:04:30]} Nc6 {[%emt 0:00:00]} 6. c3 {[%emt 0:08:30]} Nf6 {[%emt 0:00:30]} 7. Be3 {[%emt 0:00:30]} Qc7 {[%emt 0:00:00]} 8. Bd3 {[%emt 0:04:30]} Be7 {[%emt 0:02:00]} 9. O-O {[%emt 0:01:30]} Ne5 {[%emt 0:00:30]} 10. Bf4 {[%emt 0:07:30]} h6 {[%emt 0:06:30]} 11. Bg3 {[%emt 0:02:30]} g5 {[%emt 0:00:30]} 12. f4 {[%emt 0:01:30]} gxf4 {[%emt 0:02:30]} 13. Bxf4 {[%emt 0:02:30]} Qb6+ {[%emt 0:06:30]} 14. Kh1 {[%emt 0:01:30]} Ng6 {[%emt 0:01:30]} 15. Bg3 {[%emt 0:02:30]} h5 {[%emt 0:00:30]} 16. N1d2 {[%emt 0:01:30]} h4 {[%emt 0:00:30]} 17. Nc4 {[%emt 0:01:30]} Qd8 {[%emt 0:04:30]} 18. Bd6 {[%emt 0:05:30]} b5 {[%emt 0:03:30]} 19. Bxe7 {[%emt 0:02:30]} Qxe7 {[%emt 0:00:00]} 20. e5 {[%emt 0:02:30]} bxc4 {[%emt 0:02:00]} 21. exf6 {[%emt 0:00:30]} Qd6 {[%emt 0:02:30]} 22. Bxc4 {[%emt 0:00:30]} Qxd1 {[%emt 0:00:00]} 23. Raxd1 {[%emt 0:01:30]} h3 {[%emt 0:01:00]} 24. g3 {[%emt 0:01:30]} Bb7+ {[%emt 0:00:30]} 25. Kg1 {[%emt 0:00:30]} O-O-O {[%emt 0:04:30]} 26. Nc5 {[%emt 0:08:30]} Bg2 {[%emt 0:02:30]} 27. Rfe1 {[%emt 0:01:30]} Rh5 {[%emt 0:00:30]} 28. Ba6+ {[%emt 0:07:30]} Kc7 {[%emt 0:00:30]} 29. b4 {[%emt 0:03:30]} Rf5 {[%emt 0:00:30]} 30. Bf1 {[%emt 0:04:30]} Bf3 {[%emt 0:08:30]} 31. Bxh3 {[%emt 0:02:30]} Rxc5 {[%emt 0:05:30]} 32. bxc5 {[%emt 0:00:30]} Bxd1 {[%emt 0:00:30]} 33. Rxd1 {[%emt 0:00:30]} Kc6 {[%emt 0:00:30]} 34. Rd6+ {[%emt 0:00:30]} Kxc5 {[%emt 0:00:30]} 35. Ra6 {[%emt 0:00:30]} Kc4 {[%emt 0:00:30]} 36. Rxa7 {[%emt 0:00:30]} Kxc3 {[%emt 0:00:30]} 37. Rb7 {[%emt 0:00:30]} Ne5 {[%emt 0:00:00]} 38. Bg2 {[%emt 0:02:29]} d5 {[%emt 0:00:00]} 39. h4 {[%emt 0:02:06]} d4 {[%emt 0:00:30]} 40. Rb5 {[%emt 0:01:55]} Ng4 {[%emt 0:03:30]} 41. Rb3+ {[%emt 0:02:09]} Kc2 {[%emt 0:00:30]} 42. Bf3 {[%emt 0:02:49]} Nxf6 {[%emt 0:01:30]} 43. Kf1 {[%emt 0:00:56]} d3 {[%emt 0:00:30]} 44. Rb6 {[%emt 0:00:38]} d2 {[%emt 0:02:30]} 45. Rc6+ {[%emt 0:00:14]} Kb2 {[%emt 0:00:30]} 46. Bd1 {[%emt 0:00:17]} Ne4 {[%emt 0:00:30]} 47. Rc2+ {[%emt 0:00:53]} Ka3 {[%emt 0:00:30]} 48. g4 {[%emt 0:02:23]} Kb4 {[%emt 0:00:30]} 49. Kg2 {[%emt 0:02:15]} Nc3 {[%emt 0:01:30]} 50. Kf2 {[%emt 0:02:44]} Nxd1+ {[%emt 0:00:30]} 51. Ke2 {[%emt 0:00:00]} Nc3+ {[%emt 0:00:00]} 0-1

[Event "Istanbul Open 2019"]
[Site "Istanbul"]
[Date "2019.08.27"]
[Round "3.1"]
[White "Shanava, Konstantine"]
[Black "Yilmaz, Turhan"]
[Result "1-0"]
[WhiteElo "2496"]
[BlackElo "2199"]
[Annotator "TA"]
[PlyCount "91"]
[EventDate "2019.08.26"]
[EventType "swiss"]
[EventCountry "TUR"]
[SourceTitle "playchess.com"]
[Source "ChessBase"]
[SourceQuality "1"]

{[%evp 19,91,12,23,2,4,0,10,0,1,-2,0,-4,7,7,7,7,9,8,5,0,-10,-61,-73,-77,-31,-31,-33,-26,-32,-36,-22,-29,-35,-27,-29,-29,-29,-21,-28,-29,-29,-30,-31,-33,-26,-33,191,181,356,349,368,366,414,360,349,345,379,379,901,931,907,775,864,614,5073,5073,4133,4133,3728,2554,1891,857,4140,3643]} 1. e4 g6 2. d4 Bg7 3. Nc3 d6 4. f4 Nf6 5. Nf3 O-O 6. Bd3 Nc6 7. e5 dxe5 8. dxe5 Nd5 9. Nxd5 Qxd5 10. Qe2 Bg4 11. c3 {B09: Pirc Defence: Austrian Attack} Rad8 12. Be4 Qd7 13. h3 $146 {The position is equal.} ({Predecessor:} 13. O-O Bf5 14. Bxf5 Qxf5 15. Qb5 Qc8 16. Be3 a6 17. Qb3 Na5 18. Qb4 Nc6 19. Qb3 Na5 20. Qb4 Nc6 21. Qb3 {½-½ (21) Arizmendi Martinez,J (2498)-Vassallo Barroche,M (2423) Valencia 2009}) 13... Bf5 {Strongly threatening ...Bxe4.} 14. Bxf5 Qxf5 15. g4 $132 {[%mdl 2048] White has counterplay} Qd3 16. Qxd3 Rxd3 17. Ke2 Rd5 18. Be3 f6 19. Nh4 e6 20. Rhg1 (20. exf6 $11 Bxf6 21. Nf3) 20... fxe5 21. f5 exf5 22. gxf5 gxf5 {And now ...f4 would win.} 23. Bh6 $1 Rd7 24. Rad1 Re7 {next ...f4 is good for Black.} 25. Rg5 {Rdg1 is the strong threat.} Rf6 {aiming for ...f4.} 26. Rdg1 {[%cal Rh6g7]} Rxh6 27. Nxf5 {[#]} Rg6 $1 28. Rxg6 hxg6 29. Nxe7+ Nxe7 30. Rd1 $1 Nf5 31. Rd7 e4 {White must now prevent ...Be5.} 32. Rxc7 Be5 $2 (32... Nd6 $15 {stays ahead.}) 33. Rxb7 $18 Bf4 $2 (33... Bh2) 34. Rxa7 Ng3+ 35. Ke1 Bc1 36. Rb7 Be3 37. Rd7 $1 Bg1 {[#]} 38. Rd2 $1 {[%cal Rd2g2]} e3 $2 {[#]} (38... Be3 39. Rg2 Bf4) 39. Rg2 $1 {White is clearly winning.} Bf2+ 40. Rxf2 exf2+ 41. Kxf2 {KN-KP} Nf5 42. a4 {[%cal Ba2a4,Ba4a5,Ba5a6][%mdl 32]} Kf7 43. a5 Nd6 44. a6 Nc8 45. Ke3 (45. Kf3 $142 Ke6 46. Kf4) 45... Ke6 46. Kf4 {Accuracy: White = 71%, Black = 45%.} 1-0

[Event "Istanbul Open 2019"]
[Site "Istanbul"]
[Date "2019.08.27"]
[Round "3.2"]
[White "Erdogan, Anil Berk"]
[Black "Arat, Ufuk Sezen"]
[Result "1/2-1/2"]
[WhiteElo "2144"]
[BlackElo "2390"]
[Annotator "TA"]
[PlyCount "109"]
[EventDate "2019.08.26"]
[EventType "swiss"]
[EventCountry "TUR"]
[SourceTitle "playchess.com"]
[Source "ChessBase"]
[SourceQuality "1"]

{[%evp 18,109,30,33,69,36,37,29,46,37,28,32,54,33,32,23,51,0,51,0,53,7,0,0,10,14,12,-53,-48,-42,-40,-62,0,0,0,0,0,0,0,0,0,-4,-4,-1,-2,-11,0,0,0,-12,-14,-14,-2,-2,-4,-8,0,0,0,0,0,0,0,0,0,0,0,-10,0,0,0,0,0,0,0,0,0,0,0,0,0,0,0,0,0,0,0,0,0,0,0,0,0,0]} 1. e4 c6 2. d4 d5 3. exd5 cxd5 4. c4 Nf6 5. Nc3 g6 6. Qb3 Bg7 7. cxd5 O-O 8. Be2 b6 9. Bf3 Bb7 10. Nge2 e6 $146 {[%cal Rf6d5] B14: Caro-Kann: Panov-Botvinnik Attack with 5...e6 and 5...g6} ({Predecessor:} 10... Na6 11. O-O Qd7 12. Re1 Nc7 13. Nf4 Rab8 14. h3 Rfd8 15. Bd2 Ncxd5 16. Nfxd5 Nxd5 17. Nxd5 Bxd5 18. Bxd5 Qxd5 19. Rxe7 Qxb3 20. axb3 {½-½ (35) Geller,J (2559)-Khismatullin,D (2646) Khanty-Mansiysk 2012}) 11. dxe6 Bxf3 12. exf7+ Rxf7 {White has an edge.} 13. gxf3 Nc6 {[%cal Bb8c6,Bc6a5,Ba5c4][%mdl 32]} 14. Be3 Na5 15. Qe6 Qf8 $1 16. a3 Kh8 17. Nf4 (17. O-O-O $14) 17... Re7 (17... Ng8 $11 18. Qg4 Nh6) 18. Qa2 (18. Qh3 $14 Qf7 19. O-O) 18... Rc8 (18... Qe8 $11 19. Ng2 Rd8) 19. O-O-O Nc4 20. Rhe1 g5 21. Nd3 Rec7 22. Kb1 ({Much worse is} 22. Bxg5 Nxb2 23. Nxb2 Rxc3+ 24. Kb1 Rxa3 $15) (22. Ne5 $11) 22... Nxb2 $1 $15 {[%mdl 64] [#] Discovered Attack, Remove Defender} 23. Nxb2 {aiming for Nb5.} Rxc3 24. Rc1 Qd6 ({Black should try} 24... Ng8 $1 $15 25. Qe6 Rxc1+ 26. Rxc1 Rxc1+ 27. Kxc1 Qxa3) 25. Rxc3 $11 {The position is equal.} Rxc3 26. Bxg5 h6 27. Bxf6 Qxf6 28. Qd5 Rxf3 29. Nc4 $132 {[%mdl 2048] White puts up resistance} Rxf2 30. Re8+ Bf8 $1 ({Don't blunder} 30... Kh7 $2 31. Qg8+ Kg6 {[#]} 32. Re6 $1 $18 {[%mdl 512]}) 31. Qe4 Rf1+ 32. Kc2 Rf2+ 33. Kb1 Qg5 {Hoping for ...Qb5+.} 34. Qe5+ Qxe5 (34... Kg8 {with more complications.} 35. Qxg5+ hxg5 36. d5 Rf4 37. Ne5 Kg7) 35. dxe5 {[%mdl 4096] Endgame And now e6 would win. KRB-KRN} Kg7 36. Ra8 Rf7 37. Kc2 Bc5 38. Nd6 Bxd6 39. exd6 {KR-KR} Rd7 40. Kc3 a5 41. Kc4 {Strongly threatening Kd5.} Rxd6 42. Rb8 Rc6+ 43. Kb5 Rc3 44. a4 Rb3+ 45. Ka6 Rb4 46. Rb7+ Kg8 47. Rxb6 Rxa4 48. Rxh6 Ra1 49. Kb5 a4 50. Kb4 Kg7 51. Ra6 Rh1 52. Rxa4 Rxh2 53. Kc4 Rh4+ 54. Kb5 Rxa4 55. Kxa4 {Accuracy: White = 68%, Black = 57%.} 1/2-1/2

[Event "Istanbul Open 2019"]
[Site "Istanbul"]
[Date "2019.08.27"]
[Round "3.3"]
[White "Makaraci, Tunahan"]
[Black "Ozsakallioglu, Okan"]
[Result "1-0"]
[WhiteElo "2064"]
[BlackElo "2324"]
[Annotator "NA"]
[PlyCount "81"]
[EventDate "2019.08.26"]
[EventType "swiss"]
[EventCountry "TUR"]
[SourceTitle "playchess.com"]
[Source "ChessBase"]
[SourceQuality "1"]
[TimeControl "5400+30"]

1. e4 {[%emt 0:00:30]} c5 {[%emt 0:00:30]} 2. Nf3 {[%emt 0:00:00]} d6 {[%emt 0:00:30]} 3. Bb5+ {[%emt 0:00:00]} Nd7 {[%emt 0:00:00]} 4. d4 {[%emt 0:00:30]} cxd4 {[%emt 0:00:00]} 5. Qxd4 {[%emt 0:00:30]} a6 {[%emt 0:00:30]} 6. Bxd7+ {[%emt 0:00:00]} Bxd7 {[%emt 0:00:30]} 7. O-O {[%emt 0:00:00]} e5 {[%emt 0:00:00]} 8. Qd3 {[%emt 0:00:00]} h6 {[%emt 0:00:00]} 9. a4 {[%emt 0:00:00]} Nf6 {[%emt 0:00:00]} 10. c4 {[%emt 0:00:00]} b5 {[%emt 0:00:00]} 11. b3 {[%emt 0:03:00]} Be7 {[%emt 0:01:30]} 12. Nc3 {[%emt 0:05:30]} b4 {[%emt 0:00:30]} 13. Nd5 {[%emt 0:00:30]} Nxd5 {[%emt 0:00:30]} 14. cxd5 {[%emt 0:00:00]} f5 {[%emt 0:00:30]} 15. exf5 {[%emt 0:10:00]} O-O {[%emt 0:00:00]} 16. g4 {[%emt 0:00:30]} g6 {[%emt 0:05:00]} 17. Bxh6 {[%emt 0:16:30]} gxf5 {[%emt 0:00:30]} 18. Bxf8 {[%emt 0:00:30]} Qxf8 {[%emt 0:00:30]} 19. gxf5 {[%emt 0:00:30]} Bxf5 {[%emt 0:00:00]} 20. Qe3 {[%emt 0:00:00]} Bg4 {[%emt 0:00:00]} 21. Nd2 {[%emt 0:01:00]} Qf5 {[%emt 0:02:30]} 22. f3 {[%emt 0:05:30]} Bh3 {[%emt 0:00:30]} 23. Kh1 {[%emt 0:00:30]} Bxf1 {[%emt 0:00:30]} 24. Rxf1 {[%emt 0:00:30]} Rc8 {[%emt 0:01:30]} 25. Ne4 {[%emt 0:06:30]} Qh3 {[%emt 0:02:30]} 26. Qe2 {[%emt 0:01:30]} a5 {[%emt 0:06:30]} 27. Nf2 {[%emt 0:12:30]} Qf5 {[%emt 0:02:30]} 28. Ng4 {[%emt 0:00:30]} Bg5 {[%emt 0:00:30]} 29. Qg2 {[%emt 0:01:30]} Kf8 {[%emt 0:00:30]} 30. Nf2 {[%emt 0:09:30]} Rc2 {[%emt 0:01:30]} 31. Qg3 {[%emt 0:00:30]} Bf4 {[%emt 0:00:30]} 32. Qh4 {[%emt 0:00:00]} Bg5 {[%emt 0:02:30]} 33. Qh8+ {[%emt 0:01:00]} Ke7 {[%emt 0:00:30]} 34. Qh5 {[%emt 0:03:30]} Rxf2 {[%emt 0:08:30]} 35. Rxf2 {[%emt 0:00:00]} Qb1+ {[%emt 0:00:00]} 36. Kg2 {[%emt 0:00:00]} Be3 {[%emt 0:00:00]} 37. Qh4+ {[%emt 0:01:30]} Kf7 {[%emt 0:03:30]} 38. Qe4 {[%emt 0:01:30]} Qc1 {[%emt 0:00:00]} 39. Qf5+ {[%emt 0:00:30]} Kg7 {[%emt 0:00:00]} 40. Rc2 {[%emt 0:00:00]} Qg1+ {[%emt 0:01:30]} 41. Kh3 {[%emt 0:00:00]} 1-0

[Event "Istanbul Open 2019"]
[Site "Istanbul"]
[Date "2019.08.27"]
[Round "3.4"]
[White "Ibik, Halit Yavuz"]
[Black "Kamer, Kayra"]
[Result "0-1"]
[WhiteElo "1990"]
[BlackElo "2306"]
[Annotator "TA"]
[PlyCount "238"]
[EventDate "2019.08.26"]
[EventType "swiss"]
[EventCountry "TUR"]
[SourceTitle "playchess.com"]
[Source "ChessBase"]
[SourceQuality "1"]

{[%evp 12,238,46,23,27,9,3,-8,17,10,35,0,3,-4,-8,-41,-28,-60,-36,-81,-89,-48,-94,-178,-179,-356,-364,-355,-392,-383,-259,-325,-310,-447,-120,-126,-132,-117,-108,-108,-108,-108,-108,-106,-108,-119,-90,-140,-133,-172,-145,-173,-160,-165,-105,-104,-105,-91,-107,-112,-106,-105,-108,-112,-102,-91,-91,-121,-121,-121,-93,-121,-121,-121,-29,-30,-37,-100,-120,-125,-100,-152,-129,-126,-40,-133,-12,-25,-24,-25,0,-19,-8,-17,65,67,106,99,109,0,0,0,0,0,0,0,0,0,0,0,0,0,0,0,8,0,8,-8,0,0,0,0,0,0,0,0,0,0,0,0,0,0,0,0,0,0,0,0,0,0,0,0,0,0,0,0,0,0,0,0,0,0,0,0,0,0,0,0,0,0,0,0,0,0,0,0,169,160,196,0,0,0,196,0,0,0,145,0,182,191,728,666,639,553,518,489,326,0,87,0,161,154,154,154,154,154,154,147,609,1006,897,609,533,547,513,-41,-41,-41,-41,-41,-41,-41,-48,-29982,-29983,-29983,-29984,-29984,-29985,-29982,-29984,-29986,-29987,-29987,-29987,-29989,-29990,-29990,-976]} 1. e4 c5 2. Nf3 e6 3. d4 cxd4 4. Nxd4 a6 5. c4 Nf6 6. Nc3 Qc7 7. Qd3 Nc6 {B41: Sicilian: Kan Variation: 5 c4} (7... b6 8. Qg3 d6 9. Bd3 Bb7 10. O-O Nbd7 11. Re1 Ne5 12. Bf1 Be7 13. b3 O-O 14. Bb2 Ng6 15. Rac1 {1-0 (48) Fedoseev,V (2718)-Artemiev,V (2691) Riadh 2017}) 8. Nxc6 dxc6 9. Qg3 e5 {The position is equal.} 10. Be2 b5 $146 ({Predecessor:} 10... Be6 11. O-O h5 12. Bg5 Be7 13. Rad1 h4 14. Bxh4 Nxe4 15. Nxe4 Bxh4 16. Qxg7 {1-0 (26) Hansen,T (2410)-Kunte,A (2499) chess.com INT 2018}) 11. a3 Be6 12. Be3 {[%cal Rc4b5]} bxc4 13. Rc1 Rb8 14. Rc2 Rb3 15. f3 Be7 16. O-O O-O 17. Rfc1 (17. Qe1 $17) 17... Rfb8 $19 18. Nd1 $2 {[#]} (18. Qe1) 18... Rxe3 $1 {[%mdl 512]} 19. Nxe3 Bc5 20. Rc3 Rxb2 21. Qe1 Qb6 22. Bf1 (22. Bxc4 $142 Bxc4 {[%mdl 64] Pin} 23. Kh1) 22... Bd4 $2 (22... Rb3 $1 $19 {and Black stays clearly on top.} 23. Kf2 Bd4 24. Rxb3 cxb3) 23. Kh1 $17 Bxc3 24. Rxc3 Rb1 25. Rc1 Rxc1 $1 26. Qxc1 Nd7 27. Nxc4 Qc5 28. Qc3 f6 29. Qd3 a5 30. Ne3 Qd4 31. Kg1 Kf8 32. Kf2 Qxd3 (32... a4 $19 33. Qxd4 exd4) 33. Bxd3 $19 {[%mdl 4096] Endgame KBN-KBN} Nb6 34. Ke2 Ke7 35. Kd2 Kd6 36. Kc3 Kc5 37. Be2 Na4+ 38. Kd2 g6 39. g4 Nb6 40. Kc3 Na8 41. Nd1 Nc7 42. a4 Ba2 (42... g5 $17 43. Nb2 Na8) 43. Nb2 $1 $11 Ne6 44. Nd3+ ({White should play} 44. Bc4 $1 $15 Bxc4 45. Nxc4) 44... Kd6 $17 45. Bd1 {Black should prevent Nc1.} Nd4 46. Nc1 (46. h4 $142) 46... Be6 {[#]} 47. f4 $1 {[%mdl 512]} Bc8 ({Black should try} 47... g5 $17 48. f5 Bc8) (47... exf4 48. Kxd4) 48. f5 (48. g5 $1 $15) 48... gxf5 (48... Bb7 $17 {...c5 is the strong threat.} 49. Nb3 Nxb3 50. Bxb3 c5) 49. gxf5 $11 Ba6 50. Nd3 $1 c5 51. h4 Nc6 (51... c4 $5 52. Nf2 $8 Ke7 $15) 52. Nf2 Bf1 (52... Na7 $11) 53. Ng4 $14 {[%mdl 1024] White has compensation.} Ke7 54. Ne3 Ba6 55. Nc4 (55. Nd5+ $16 Kf7 56. Bh5+ Kg7 57. Nc7) 55... Bb7 56. Bc2 Ba6 57. Bd1 Kf8 58. Bc2 Kg7 59. Bd1 Kf8 60. Bc2 Ke8 61. Bd1 Kd8 62. Bc2 Kd7 63. Bd1 Kc7 64. Bc2 Bxc4 (64... Nd4 {keeps more tension.} 65. Bd1 Bb7 66. Kd3 Nc6 67. Kc3 Ne7) 65. Kxc4 $11 {KB-KN} Nb4 66. Bd1 Kb6 67. Kc3 Kc6 68. Kc4 h6 69. Bb3 Na6 70. Bd1 Nc7 71. Bh5 $1 Na8 72. Be8+ Kb6 73. Bh5 Nc7 74. Be2 Kc6 75. Bh5 $1 Na6 76. Be8+ Kb6 77. Bh5 Nb4 78. Bd1 Kc6 79. Bb3 Kd6 80. Bd1 Nc6 81. Kc3 Nd4 82. Kc4 Kc6 83. Kc3 Kc7 84. Kc4 Kd6 85. Kc3 Nc6 86. Kc4 Na7 87. Be2 Kc6 88. Bh5 $1 Nc8 $2 (88... Kd6 $1 $11 {and Black is okay.}) 89. Be8+ $18 Kb6 90. Bh5 Ne7 91. Be8 Nc8 92. Bh5 $2 (92. Kd5 $18) 92... Kc6 $11 {Strongly threatening ...Nd6+.} 93. Be8+ Kd6 {[#]} (93... Kb6 $11 94. Kd5 Kc7) 94. Bh5 (94. Kb5 $1 $16) 94... Nb6+ $2 (94... Kc6 $11 95. Be8+) 95. Kb5 $18 {[%mdl 64] Double Attack} Nd7 $2 (95... Na8) 96. Be2 c4 97. Bxc4 Nc5 98. Bd5 Nd3 99. Bc4 $2 (99. Kxa5 Kc5 $16) (99. Ba8 $18) 99... Nf2 (99... Nc5 $11 {keeps the balance.} 100. Bd5 (100. Kxa5 Nxe4 101. Kb6 Nc5 $16) 100... Nd3) 100. Bd5 ({Better is} 100. Kxa5 $16 Nxe4 101. Kb6) 100... Nd1 $2 (100... Nd3 $11 {and Black has nothing to worry.}) 101. Kxa5 Nc3 102. Ba8 {Black must now prevent Kb4.} Kc5 103. Bb7 h5 104. Ba8 Ne2 $2 {[%mdl 8192]} (104... Kc4 $16 105. Kb6 Nxa4+ 106. Kc6 Kd4) 105. Ka6 Nd4 106. Bd5 Nxf5 107. exf5 Kxd5 {[#] K3P-K3P} 108. Kb5 $2 (108. Kb6 $1 $18 {Hoping for a5.} e4 109. a5) 108... Kd6 $1 $15 {[%cal Rd6d7] Threatens to win with ...Kd7.} 109. a5 {aiming for Kb6.} Kc7 110. a6 Kb8 111. Kc5 Ka7 112. Kd6 $2 {[%mdl 8192]} (112. Kd5 $15 Kb6 113. Ke6) 112... e4 {Black mates.} 113. Ke6 e3 114. Kxf6 {K3P-KPP} e2 115. Kg6 e1=Q 116. Kxh5 Qe8+ 117. Kh6 Qf7 118. f6 Qxf6+ {[%mdl 64] Double Attack} 119. Kh5 Kxa6 {Accuracy: White = 47%, Black = 52%.} (119... Qf5+ $142 120. Kh6 Kxa6 121. Kg7 Kb5 122. h5 Qxh5 123. Kg8 Kc6 124. Kg7 Kd6 125. Kf6 Qg4 126. Kf7 Qg5 127. Kf8 Ke6 128. Ke8 Qg8#) 0-1

[Event "Istanbul Open 2019"]
[Site "Istanbul"]
[Date "2019.08.27"]
[Round "3.5"]
[White "Citak, Selim"]
[Black "Abishli, Oghuz"]
[Result "0-1"]
[WhiteElo "2263"]
[BlackElo "2038"]
[Annotator "NA"]
[PlyCount "64"]
[EventDate "2019.08.26"]
[EventType "swiss"]
[EventCountry "TUR"]
[SourceTitle "playchess.com"]
[Source "ChessBase"]
[SourceQuality "1"]
[TimeControl "5400+30"]

1. d4 {[%emt 0:00:30]} e6 {[%emt 0:00:30]} 2. c4 {[%emt 0:00:00]} f5 {[%emt 0:00:00]} 3. g3 {[%emt 0:00:00]} Nf6 {[%emt 0:00:00]} 4. Bg2 {[%emt 0:00:30]} d5 {[%emt 0:00:30]} 5. Nf3 {[%emt 0:00:30]} c6 {[%emt 0:00:00]} 6. O-O {[%emt 0:00:30]} Bd6 {[%emt 0:00:00]} 7. b3 {[%emt 0:00:00]} Qe7 {[%emt 0:00:00]} 8. a4 {[%emt 0:00:00]} a5 {[%emt 0:00:00]} 9. Ba3 {[%emt 0:00:00]} Bb4 {[%emt 0:13:30]} 10. Bxb4 {[%emt 0:01:00]} axb4 {[%emt 0:00:00]} 11. Qc2 {[%emt 0:05:30]} O-O {[%emt 0:07:00]} 12. Nbd2 {[%emt 0:00:30]} Ne4 {[%emt 0:01:30]} 13. Ne5 {[%emt 0:02:30]} Nd7 {[%emt 0:09:30]} 14. Nd3 {[%emt 0:00:30]} b6 {[%emt 0:03:30]} 15. cxd5 {[%emt 0:05:30]} cxd5 {[%emt 0:00:30]} 16. Nxe4 {[%emt 0:03:30]} fxe4 {[%emt 0:02:30]} 17. Nf4 {[%emt 0:02:30]} Nf6 {[%emt 0:10:30]} 18. Qc6 {[%emt 0:02:30]} Bd7 {[%emt 0:00:30]} 19. Qxb6 {[%emt 0:02:30]} Rfb8 {[%emt 0:00:30]} 20. Qc7 {[%emt 0:03:30]} Rc8 {[%emt 0:00:30]} 21. Qe5 {[%emt 0:00:30]} Ng4 {[%emt 0:05:30]} 22. Qh5 {[%emt 0:02:30]} Nf6 {[%emt 0:00:30]} 23. Qh4 {[%emt 0:01:30]} Rc3 {[%emt 0:05:30]} 24. Rfb1 {[%emt 0:01:30]} Qd6 {[%emt 0:10:30]} 25. Nh5 {[%emt 0:05:30]} e5 {[%emt 0:05:30]} 26. dxe5 {[%emt 0:01:30]} Qxe5 {[%emt 0:00:30]} 27. Nxf6+ {[%emt 0:00:30]} gxf6 {[%emt 0:01:30]} 28. Ra2 {[%emt 0:03:30]} Rac8 {[%emt 0:03:30]} 29. Qh6 {[%emt 0:00:30]} d4 {[%emt 0:06:21]} 30. Qf4 {[%emt 0:01:30]} Qxf4 {[%emt 0:00:52]} 31. Raa1 {[%emt 0:01:30]} Qe5 {[%emt 0:00:30]} 32. Ra2 {[%emt 0:00:30]} Be6 {[%emt 0:00:30]} 0-1

[Event "Istanbul Open 2019"]
[Site "Istanbul"]
[Date "2019.08.27"]
[Round "3.6"]
[White "Aliakbarov, Anar"]
[Black "Demirbas, Emre"]
[Result "1/2-1/2"]
[WhiteElo "2265"]
[BlackElo "1879"]
[Annotator "NA"]
[PlyCount "48"]
[EventDate "2019.08.26"]
[EventType "swiss"]
[EventCountry "TUR"]
[SourceTitle "playchess.com"]
[Source "ChessBase"]
[SourceQuality "1"]
[TimeControl "5400+30"]

1. d4 {[%emt 0:00:30]} d5 {[%emt 0:00:30]} 2. c4 {[%emt 0:00:30]} c6 {[%emt 0:00:30]} 3. Nf3 {[%emt 0:00:30]} Nf6 {[%emt 0:00:00]} 4. e3 {[%emt 0:00:30]} e6 {[%emt 0:00:00]} 5. Nbd2 {[%emt 0:00:30]} Nbd7 {[%emt 0:00:00]} 6. b3 {[%emt 0:00:00]} Bd6 {[%emt 0:00:00]} 7. Bb2 {[%emt 0:00:00]} Qe7 {[%emt 0:00:30]} 8. Ne5 {[%emt 0:02:30]} Ba3 {[%emt 0:00:00]} 9. Bc3 {[%emt 0:03:30]} Bb4 {[%emt 0:03:00]} 10. Bxb4 {[%emt 0:02:30]} Qxb4 {[%emt 0:00:30]} 11. Nd3 {[%emt 0:00:30]} Qd6 {[%emt 0:04:30]} 12. c5 {[%emt 0:01:30]} Qc7 {[%emt 0:00:30]} 13. f4 {[%emt 0:00:30]} b6 {[%emt 0:07:30]} 14. b4 {[%emt 0:02:30]} a5 {[%emt 0:06:30]} 15. a3 {[%emt 0:02:30]} Ba6 {[%emt 0:03:30]} 16. Be2 {[%emt 0:01:30]} Ne4 {[%emt 0:01:30]} 17. Nxe4 {[%emt 0:04:30]} dxe4 {[%emt 0:00:00]} 18. Nf2 {[%emt 0:03:30]} Bxe2 {[%emt 0:01:00]} 19. Kxe2 {[%emt 0:00:30]} f5 {[%emt 0:02:30]} 20. Qb3 {[%emt 0:00:30]} Ke7 {[%emt 0:00:00]} 21. Rhc1 {[%emt 0:01:30]} b5 {[%emt 0:03:00]} 22. g4 {[%emt 0:15:30]} Nf6 {[%emt 0:04:30]} 23. Rg1 {[%emt 0:00:30]} g6 {[%emt 0:01:30]} 24. h4 {[%emt 0:02:30]} Nd5 {[%emt 0:16:30]} 1/2-1/2